|
|
|
|
| LEADER |
00708nab a2200181 i 4500 |
| 001 |
acta14324 |
| 005 |
20210409145416.0 |
| 008 |
161015s1971 hu o 0|| eng d |
| 022 |
|
|
|a 0001-6969
|
| 040 |
|
|
|a SZTE Egyetemi Kiadványok Repozitórium
|b hun
|
| 041 |
|
|
|a eng
|
| 100 |
1 |
|
|a Leeuwen Leonard C. A. van
|
| 245 |
1 |
0 |
|a Remarks on endomorphism rings of torsion-free abelian groups
|h [elektronikus dokumentum] /
|c Leeuwen Leonard C. A. van
|
| 260 |
|
|
|c 1971
|
| 300 |
|
|
|a 345-350
|
| 490 |
0 |
|
|a Acta scientiarum mathematicarum
|v 32 No. 3-4
|
| 695 |
|
|
|a Abel Niels Henrik, Természettudomány, Matematika, Művelődés
|
| 856 |
4 |
0 |
|u http://acta.bibl.u-szeged.hu/14324/1/math_032_fasc_003_004_345-350.pdf
|z Dokumentum-elérés
|